[Event "Russian Rapid Championship (m)"]
[Site "Sochi"]
[Date "2022.10.16"]
[Round "6.9"]
[White "Afanasiev, Nikita"]
[Black "Gutenev, Alexander"]
[Result "1/2-1/2"]
[BlackElo "2437"]
[WhiteElo "2535"]
[LiveChessVersion "1.4.8"]

1. d4 {[%clk 0:15:18]} Nf6 {[%clk 0:14:28]} 2. c4 {[%clk 0:15:25]} b6
{[%clk 0:14:36]} 3. f3 {[%clk 0:15:06]} Nc6 {[%clk 0:14:45]} 4. e4
{[%clk 0:14:41]} e5 {[%clk 0:14:53]} 5. Ne2 {[%clk 0:14:48]} exd4
{[%clk 0:14:14]} 6. Nxd4 {[%clk 0:14:56]} Nxd4 {[%clk 0:11:28]} 7. Qxd4
{[%clk 0:15:04]} Bc5 {[%clk 0:11:33]} 8. Qe5+ {[%clk 0:15:03]} Qe7
{[%clk 0:09:33]} 9. Qxe7+ {[%clk 0:15:02]} Kxe7 {[%clk 0:09:08]} 10. Bf4
{[%clk 0:15:08]} d6 {[%clk 0:09:12]} 11. Nc3 {[%clk 0:15:12]} Be6
{[%clk 0:08:58]} 12. O-O-O {[%clk 0:15:08]} h6 {[%clk 0:08:41]} 13. Kc2
{[%clk 0:13:27]} a6 {[%clk 0:07:06]} 14. a3 {[%clk 0:13:11]} a5 {[%clk 0:07:08]}
15. Bd3 {[%clk 0:10:38]} c6 {[%clk 0:06:04]} 16. Na4 {[%clk 0:10:36]} Nd7
{[%clk 0:05:55]} 17. Nxc5 {[%clk 0:08:54]} bxc5 {[%clk 0:04:05]} 18. a4
{[%clk 0:08:48]} Ne5 {[%clk 0:04:06]} 19. Kc3 {[%clk 0:08:57]} g5
{[%clk 0:03:57]} 20. Bg3 {[%clk 0:09:03]} f6 {[%clk 0:04:01]} 21. b3
{[%clk 0:09:07]} Rhd8 {[%clk 0:02:01]} 22. Bc2 {[%clk 0:09:00]} d5
{[%clk 0:02:06]} 23. exd5 {[%clk 0:09:00]} cxd5 {[%clk 0:02:14]} 24. cxd5
{[%clk 0:09:02]} Rxd5 {[%clk 0:02:00]} 25. Bf2 {[%clk 0:08:33]} Rc8
{[%clk 0:01:47]} 26. Rxd5 {[%clk 0:06:27]} Bxd5 {[%clk 0:01:55]} 27. Rd1
{[%clk 0:06:36]} Be6 {[%clk 0:02:03]} 28. Be4 {[%clk 0:06:07]} c4
{[%clk 0:01:51]} 29. b4 {[%clk 0:03:37]} Nd3 {[%clk 0:01:22]} 30. Bxd3
{[%clk 0:03:43]} cxd3+ {[%clk 0:01:26]} 31. Bc5+ {[%clk 0:03:50]} Kf7
{[%clk 0:01:25]} 32. Rxd3 {[%clk 0:03:57]} h5 {[%clk 0:01:23]} 33. g3
{[%clk 0:03:25]} h4 {[%clk 0:01:15]} 34. gxh4 {[%clk 0:03:15]} gxh4
{[%clk 0:01:24]} 35. Rd4 {[%clk 0:02:22]} h3 {[%clk 0:01:30]} 36. Kd2
{[%clk 0:01:38]} Bb3 {[%clk 0:01:25]} 37. Bb6 {[%clk 0:01:03]} axb4
{[%clk 0:01:34]} 38. Rxb4 {[%clk 0:01:11]} Bd5 {[%clk 0:01:42]} 39. Ke3
{[%clk 0:00:45]} Rc2 {[%clk 0:01:44]} 40. Rd4 {[%clk 0:00:42]} Ke6
{[%clk 0:01:45]} 41. Rd2 {[%clk 0:00:28]} Rxd2 {[%clk 0:01:53]} 42. Kxd2
{[%clk 0:00:37]} Bxf3 {[%clk 0:02:02]} 43. Ke3 {[%clk 0:00:35]} Bc6
{[%clk 0:02:11]} 44. a5 {[%clk 0:00:44]} Kf5 {[%clk 0:02:16]} 45. a6
{[%clk 0:00:47]} Kg4 {[%clk 0:02:21]} 46. a7 {[%clk 0:00:55]} f5 {[%clk 0:02:29]}
47. Bc7 {[%clk 0:01:03]} Ba8 {[%clk 0:02:36]} 48. Bd6 {[%clk 0:00:46]} Be4
{[%clk 0:02:36]} 49. Be5 {[%clk 0:00:46]} 1/2-1/2

[Event "Russian Rapid Championship (m)"]
[Site "Sochi"]
[Date "2022.10.16"]
[Round "6.10"]
[White "Khubukshanov, Erdem"]
[Black "Alekseev, Evgeny"]
[Result "1/2-1/2"]
[BlackElo "2533"]
[WhiteElo "2421"]
[LiveChessVersion "1.4.8"]

1. e4 {[%clk 0:15:17]} e5 {[%clk 0:15:18]} 2. Nf3 {[%clk 0:15:24]} Nc6
{[%clk 0:15:25]} 3. Bc4 {[%clk 0:15:32]} Bc5 {[%clk 0:15:29]} 4. O-O
{[%clk 0:15:37]} Nf6 {[%clk 0:15:31]} 5. d3 {[%clk 0:15:45]} d6 {[%clk 0:15:26]}
6. c3 {[%clk 0:15:53]} O-O {[%clk 0:15:21]} 7. h3 {[%clk 0:15:53]} Ne7
{[%clk 0:14:30]} 8. d4 {[%clk 0:15:27]} Bb6 {[%clk 0:14:36]} 9. Re1
{[%clk 0:14:29]} Ng6 {[%clk 0:13:56]} 10. Nbd2 {[%clk 0:14:12]} h6
{[%clk 0:12:41]} 11. Bd3 {[%clk 0:12:47]} c6 {[%clk 0:12:34]} 12. Nf1
{[%clk 0:12:52]} Re8 {[%clk 0:12:00]} 13. Ng3 {[%clk 0:12:49]} Nh7
{[%clk 0:11:23]} 14. Bc4 {[%clk 0:11:26]} Nf6 {[%clk 0:10:17]} 15. Qb3
{[%clk 0:09:37]} Be6 {[%clk 0:09:02]} 16. Bxe6 {[%clk 0:09:38]} Rxe6
{[%clk 0:09:09]} 17. a4 {[%clk 0:09:31]} Qc7 {[%clk 0:08:30]} 18. Be3
{[%clk 0:05:50]} exd4 {[%clk 0:06:50]} 19. Nxd4 {[%clk 0:05:02]} Ree8
{[%clk 0:06:45]} 20. Ndf5 {[%clk 0:03:45]} Bxe3 {[%clk 0:06:16]} 21. Rxe3
{[%clk 0:03:53]} d5 {[%clk 0:06:11]} 1/2-1/2

[Event "Russian Rapid Championship (m)"]
[Site "Sochi"]
[Date "2022.10.16"]
[Round "6.11"]
[White "Turov, Maxim"]
[Black "Salemgareev, Tagir"]
[Result "0-1"]
[BlackElo "2432"]
[WhiteElo "2528"]
[LiveChessVersion "1.4.8"]

1. e4 {[%clk 0:15:18]} c5 {[%clk 0:15:18]} 2. Nc3 {[%clk 0:15:27]} Nc6
{[%clk 0:15:25]} 3. Bb5 {[%clk 0:15:25]} Nd4 {[%clk 0:15:32]} 4. Nf3
{[%clk 0:15:32]} e6 {[%clk 0:15:40]} 5. O-O {[%clk 0:15:35]} a6 {[%clk 0:15:42]}
6. Bd3 {[%clk 0:15:28]} Nxf3+ {[%clk 0:15:43]} 7. Qxf3 {[%clk 0:15:36]} Ne7
{[%clk 0:15:51]} 8. Qg3 {[%clk 0:15:08]} Nc6 {[%clk 0:15:36]} 9. b3
{[%clk 0:14:19]} g6 {[%clk 0:13:17]} 10. Nd5 {[%clk 0:12:31]} d6 {[%clk 0:12:14]}
11. Bb2 {[%clk 0:11:57]} Nd4 {[%clk 0:12:22]} 12. Ne3 {[%clk 0:10:23]} Bg7
{[%clk 0:12:26]} 13. Nc4 {[%clk 0:08:27]} e5 {[%clk 0:11:35]} 14. f4
{[%clk 0:08:28]} b5 {[%clk 0:11:22]} 15. Ne3 {[%clk 0:08:20]} exf4
{[%clk 0:11:19]} 16. Qxf4 {[%clk 0:08:13]} O-O {[%clk 0:11:26]} 17. c3
{[%clk 0:07:22]} Ne6 {[%clk 0:10:22]} 18. Qf2 {[%clk 0:07:01]} Bb7
{[%clk 0:09:35]} 19. Rae1 {[%clk 0:06:35]} c4 {[%clk 0:07:31]} 20. bxc4
{[%clk 0:05:39]} Nc5 {[%clk 0:07:20]} 21. Qe2 {[%clk 0:05:07]} Nxe4
{[%clk 0:06:51]} 22. Ba3 {[%clk 0:03:25]} Re8 {[%clk 0:06:34]} 23. cxb5
{[%clk 0:02:09]} axb5 {[%clk 0:06:20]} 24. Bb4 {[%clk 0:01:17]} Rxa2
{[%clk 0:06:01]} 25. Qf3 {[%clk 0:01:24]} Re7 {[%clk 0:04:29]} 26. Nd5
{[%clk 0:00:14]} Bxd5 {[%clk 0:04:25]} 27. Bxe4 {[%clk 0:00:22]} Bxe4
{[%clk 0:03:59]} 28. Rxe4 {[%clk 0:00:31]} Rxd2 {[%clk 0:04:02]} 29. c4
{[%clk 0:00:15]} Rd4 {[%clk 0:03:45]} 30. Rxe7 {[%clk 0:00:00]} 0-1

[Event "Russian Rapid Championship (m)"]
[Site "Sochi"]
[Date "2022.10.16"]
[Round "6.12"]
[White "Vlasenko, Miroslav"]
[Black "Ponkratov, Pavel"]
[Result "1-0"]
[BlackElo "2518"]
[WhiteElo "2312"]
[LiveChessVersion "1.4.8"]

1. d4 {[%clk 0:15:19]} Nf6 {[%clk 0:13:17]} 2. Bg5 {[%clk 0:15:22]} c5
{[%clk 0:13:23]} 3. d5 {[%clk 0:15:28]} Qb6 {[%clk 0:13:27]} 4. Nc3
{[%clk 0:15:34]} g6 {[%clk 0:13:09]} 5. e4 {[%clk 0:14:50]} d6 {[%clk 0:13:15]}
6. Bb5+ {[%clk 0:13:50]} Bd7 {[%clk 0:12:00]} 7. a4 {[%clk 0:13:58]} Bg7
{[%clk 0:12:06]} 8. Nf3 {[%clk 0:13:56]} O-O {[%clk 0:12:13]} 9. Nd2
{[%clk 0:13:36]} h6 {[%clk 0:10:59]} 10. Bh4 {[%clk 0:13:18]} Qd8
{[%clk 0:10:27]} 11. Be2 {[%clk 0:12:47]} Na6 {[%clk 0:10:03]} 12. O-O
{[%clk 0:12:27]} Nc7 {[%clk 0:09:21]} 13. f4 {[%clk 0:10:20]} Rb8
{[%clk 0:07:31]} 14. e5 {[%clk 0:06:38]} dxe5 {[%clk 0:07:01]} 15. d6
{[%clk 0:06:35]} exd6 {[%clk 0:05:02]} 16. fxe5 {[%clk 0:06:41]} dxe5
{[%clk 0:05:11]} 17. Bxf6 {[%clk 0:02:56]} Bxf6 {[%clk 0:05:19]} 18. Rxf6
{[%clk 0:03:03]} Qxf6 {[%clk 0:05:27]} 19. Nde4 {[%clk 0:03:12]} Qd8
{[%clk 0:02:56]} 20. Qxd7 {[%clk 0:03:19]} f5 {[%clk 0:03:03]} 21. Nxc5
{[%clk 0:02:30]} b6 {[%clk 0:02:54]} 22. Bc4+ {[%clk 0:02:13]} Kh8
{[%clk 0:03:03]} 23. Qxd8 {[%clk 0:02:11]} Rbxd8 {[%clk 0:03:11]} 24. Nd3
{[%clk 0:01:58]} e4 {[%clk 0:03:13]} 25. Nf4 {[%clk 0:01:39]} Rf6
{[%clk 0:03:06]} 26. Nb5 {[%clk 0:01:40]} Nxb5 {[%clk 0:02:53]} 27. axb5
{[%clk 0:01:41]} Rd7 {[%clk 0:03:00]} 28. Be6 {[%clk 0:01:07]} Re7
{[%clk 0:03:09]} 29. Bb3 {[%clk 0:01:09]} Rd6 {[%clk 0:03:17]} 30. Nd5
{[%clk 0:01:12]} Red7 {[%clk 0:03:12]} 31. c4 {[%clk 0:01:21]} Kg7
{[%clk 0:03:14]} 32. Kf2 {[%clk 0:01:28]} Re6 {[%clk 0:02:44]} 33. Ke3
{[%clk 0:01:30]} Re8 {[%clk 0:02:46]} 34. g3 {[%clk 0:01:27]} g5 {[%clk 0:02:33]}
35. Rf1 {[%clk 0:01:20]} Kg6 {[%clk 0:02:40]} 36. Bc2 {[%clk 0:01:23]} Rc8
{[%clk 0:02:43]} 37. Kd4 {[%clk 0:01:13]} h5 {[%clk 0:02:19]} 38. b4
{[%clk 0:00:59]} Rcd8 {[%clk 0:01:26]} 39. h3 {[%clk 0:01:01]} g4
{[%clk 0:01:21]} 40. h4 {[%clk 0:01:05]} Rf7 {[%clk 0:01:19]} 41. Bb3
{[%clk 0:00:43]} Re7 {[%clk 0:00:57]} 42. Ke3 {[%clk 0:00:36]} Re5
{[%clk 0:00:58]} 43. Rd1 {[%clk 0:00:42]} Kg7 {[%clk 0:00:50]} 44. c5
{[%clk 0:00:48]} bxc5 {[%clk 0:00:25]} 45. bxc5 {[%clk 0:00:57]} Rc8
{[%clk 0:00:34]} 46. Rc1 {[%clk 0:00:43]} f4+ {[%clk 0:00:30]} 47. Kxf4
{[%clk 0:00:47]} Re6 {[%clk 0:00:39]} 48. Ke3 {[%clk 0:00:52]} Re5
{[%clk 0:00:35]} 49. c6 {[%clk 0:00:58]} 1-0

[Event "Russian Rapid Championship (m)"]
[Site "Sochi"]
[Date "2022.10.16"]
[Round "6.13"]
[White "Grigorjev, Iljya"]
[Black "Petrov, Nikita"]
[Result "1/2-1/2"]
[BlackElo "2496"]
[WhiteElo "2304"]
[LiveChessVersion "1.4.8"]

1. e4 {[%clk 0:15:16]} e5 {[%clk 0:14:19]} 2. Nf3 {[%clk 0:15:23]} Nc6
{[%clk 0:14:27]} 3. Nc3 {[%clk 0:15:32]} Nf6 {[%clk 0:14:36]} 4. a4
{[%clk 0:15:40]} a6 {[%clk 0:14:17]} 5. Nd5 {[%clk 0:15:48]} Be7 {[%clk 0:13:45]}
6. Nxf6+ {[%clk 0:14:08]} Bxf6 {[%clk 0:13:53]} 7. Bc4 {[%clk 0:14:16]} d6
{[%clk 0:13:46]} 8. d3 {[%clk 0:14:13]} O-O {[%clk 0:13:52]} 9. h3
{[%clk 0:14:08]} Qe7 {[%clk 0:11:24]} 10. Bd2 {[%clk 0:11:42]} Be6
{[%clk 0:11:17]} 11. Bxe6 {[%clk 0:11:49]} Qxe6 {[%clk 0:11:24]} 12. O-O
{[%clk 0:11:48]} g6 {[%clk 0:11:28]} 13. Re1 {[%clk 0:11:42]} Bg7
{[%clk 0:11:35]} 14. Bc3 {[%clk 0:11:25]} d5 {[%clk 0:10:49]} 15. exd5
{[%clk 0:10:49]} Qxd5 {[%clk 0:10:53]} 16. a5 {[%clk 0:10:55]} Rfe8
{[%clk 0:10:47]} 17. Nd2 {[%clk 0:10:18]} Rad8 {[%clk 0:10:36]} 18. Qg4
{[%clk 0:09:52]} Re6 {[%clk 0:08:26]} 19. Qc4 {[%clk 0:09:39]} Qxc4
{[%clk 0:08:12]} 20. Nxc4 {[%clk 0:09:46]} Rde8 {[%clk 0:08:07]} 21. Rad1
{[%clk 0:08:29]} Na7 {[%clk 0:06:31]} 22. b3 {[%clk 0:07:17]} Nb5
{[%clk 0:06:39]} 23. Bb2 {[%clk 0:07:25]} e4 {[%clk 0:06:02]} 24. Bxg7
{[%clk 0:06:00]} Kxg7 {[%clk 0:06:09]} 25. dxe4 {[%clk 0:06:08]} Rxe4
{[%clk 0:06:06]} 26. Rxe4 {[%clk 0:06:15]} Rxe4 {[%clk 0:06:14]} 27. Kf1
{[%clk 0:06:15]} Rd4 {[%clk 0:05:27]} 28. Ke1 {[%clk 0:05:09]} Kf6
{[%clk 0:05:18]} 29. Rxd4 {[%clk 0:05:15]} Nxd4 {[%clk 0:05:26]} 30. Kd2
{[%clk 0:05:23]} Ke5 1/2-1/2

[Event "Russian Rapid Championship (m)"]
[Site "Sochi"]
[Date "2022.10.16"]
[Round "6.14"]
[White "Gabdushev, Ruslan"]
[Black "Iljin, Timofey"]
[Result "0-1"]
[BlackElo "2488"]
[WhiteElo "2262"]
[LiveChessVersion "1.4.8"]

1. Nf3 {[%clk 0:15:19]} d5 {[%clk 0:14:46]} 2. g3 {[%clk 0:15:19]} c5
{[%clk 0:14:54]} 3. Bg2 {[%clk 0:15:23]} Nf6 {[%clk 0:15:03]} 4. d3
{[%clk 0:15:24]} Nc6 {[%clk 0:15:10]} 5. O-O {[%clk 0:15:06]} g6 {[%clk 0:15:18]}
6. Nbd2 {[%clk 0:15:04]} Bg7 {[%clk 0:15:27]} 7. e4 {[%clk 0:15:04]} O-O
{[%clk 0:15:35]} 8. Re1 {[%clk 0:15:04]} e6 {[%clk 0:15:42]} 9. c3
{[%clk 0:13:52]} a5 {[%clk 0:15:51]} 10. e5 {[%clk 0:12:08]} Ng4 {[%clk 0:15:28]}
11. d4 {[%clk 0:12:06]} cxd4 {[%clk 0:15:36]} 12. cxd4 {[%clk 0:12:14]} f6
{[%clk 0:15:45]} 13. exf6 {[%clk 0:11:38]} Qxf6 {[%clk 0:15:35]} 14. h3
{[%clk 0:08:43]} Nh6 {[%clk 0:15:30]} 15. g4 {[%clk 0:08:13]} Nf7
{[%clk 0:15:19]} 16. Nf1 {[%clk 0:08:11]} Nxd4 {[%clk 0:15:08]} 17. N1h2
{[%clk 0:06:39]} Bd7 {[%clk 0:14:20]} 18. g5 {[%clk 0:06:13]} Nxf3+
{[%clk 0:14:20]} 19. Nxf3 {[%clk 0:06:20]} Qd8 {[%clk 0:14:10]} 20. h4 a4
{[%clk 0:13:56]} 21. Rb1 {[%clk 0:05:53]} e5 {[%clk 0:12:03]} 22. b3
{[%clk 0:04:39]} Bc6 {[%clk 0:10:41]} 23. Nh2 {[%clk 0:03:53]} Kh8
{[%clk 0:07:07]} 24. b4 {[%clk 0:03:59]} d4 {[%clk 0:06:44]} 25. f3
{[%clk 0:03:46]} Bd5 {[%clk 0:06:06]} 26. Rb2 {[%clk 0:03:25]} Nd6
{[%clk 0:05:31]} 27. Ng4 {[%clk 0:03:27]} Nc4 {[%clk 0:05:35]} 28. Rf2
{[%clk 0:03:22]} b5 {[%clk 0:04:53]} 29. Qd3 {[%clk 0:03:12]} a3 30. Bh1
{[%clk 0:02:58]} Qd6 {[%clk 0:03:57]} 31. Rh2 {[%clk 0:02:57]} Qxb4 32. Rf1
{[%clk 0:02:50]} Qc3 {[%clk 0:04:03]} 33. Qb1 Be6 {[%clk 0:03:37]} 34. Nf2
{[%clk 0:02:54]} Bf5 {[%clk 0:03:16]} 35. Qxb5 {[%clk 0:02:58]} Ne3
{[%clk 0:03:10]} 36. Bxe3 {[%clk 0:02:57]} Qxe3 {[%clk 0:02:56]} 37. Bg2
{[%clk 0:02:40]} Rab8 {[%clk 0:03:00]} 38. Qd5 {[%clk 0:02:36]} Rb2
{[%clk 0:02:42]} 39. h5 {[%clk 0:02:32]} gxh5 {[%clk 0:02:30]} 40. Rxh5
{[%clk 0:02:35]} Bg6 {[%clk 0:02:39]} 41. Rh3 {[%clk 0:02:32]} Qxg5
{[%clk 0:02:24]} 42. Qd6 {[%clk 0:02:23]} Bd3 {[%clk 0:01:53]} 43. Rd1
{[%clk 0:01:39]} Qe3 {[%clk 0:01:46]} 44. Ra1 0-1

[Event "Russian Rapid Championship (m)"]
[Site "Sochi"]
[Date "2022.10.16"]
[Round "6.15"]
[White "Khegay, Dmitriy"]
[Black "Bryakin, Mikhail"]
[Result "0-1"]
[BlackElo "2369"]
[WhiteElo "2486"]
[LiveChessVersion "1.4.8"]

1. c4 {[%clk 0:15:19]} Nf6 {[%clk 0:15:13]} 2. Nc3 {[%clk 0:14:59]} e5
{[%clk 0:14:51]} 3. g3 {[%clk 0:14:50]} Bb4 {[%clk 0:14:28]} 4. Bg2
{[%clk 0:14:57]} O-O {[%clk 0:14:21]} 5. e4 {[%clk 0:15:04]} c6 {[%clk 0:13:28]}
6. Nge2 {[%clk 0:15:12]} Na6 {[%clk 0:12:47]} 7. O-O {[%clk 0:15:11]} Nc7
{[%clk 0:12:47]} 8. a3 {[%clk 0:12:47]} Be7 {[%clk 0:11:42]} 9. d4
{[%clk 0:12:40]} exd4 {[%clk 0:11:25]} 10. Nxd4 {[%clk 0:12:49]} d6
{[%clk 0:11:32]} 11. h3 {[%clk 0:12:57]} Re8 {[%clk 0:11:24]} 12. Be3
{[%clk 0:12:58]} Bf8 {[%clk 0:11:26]} 13. Qc2 {[%clk 0:12:50]} Ne6
{[%clk 0:10:31]} 14. Nde2 {[%clk 0:11:56]} Qe7 {[%clk 0:10:02]} 15. g4
{[%clk 0:10:24]} Nc5 {[%clk 0:08:51]} 16. Ng3 {[%clk 0:10:33]} Be6
{[%clk 0:08:37]} 17. b4 {[%clk 0:10:30]} Ncd7 {[%clk 0:08:25]} 18. g5
{[%clk 0:10:33]} Bxc4 {[%clk 0:08:18]} 19. gxf6 {[%clk 0:10:41]} Qxf6
{[%clk 0:08:17]} 20. Rfd1 {[%clk 0:08:25]} Ne5 {[%clk 0:07:24]} 21. Bd4
{[%clk 0:08:14]} Nf3+ {[%clk 0:07:01]} 22. Bxf3 {[%clk 0:08:11]} Qxf3
{[%clk 0:07:09]} 23. Qd2 {[%clk 0:06:31]} a5 {[%clk 0:04:02]} 24. Qe3
{[%clk 0:06:00]} Qxe3 {[%clk 0:04:08]} 25. Bxe3 {[%clk 0:06:09]} b5
{[%clk 0:03:31]} 26. Nf5 {[%clk 0:04:39]} Re6 {[%clk 0:03:34]} 27. Nd4
{[%clk 0:03:22]} Rg6+ {[%clk 0:03:43]} 28. Kh1 {[%clk 0:03:31]} Ra6
{[%clk 0:03:00]} 29. bxa5 {[%clk 0:03:31]} h5 {[%clk 0:02:57]} 30. Rg1
{[%clk 0:02:40]} Rxg1+ {[%clk 0:03:02]} 31. Kxg1 {[%clk 0:02:47]} g6
{[%clk 0:03:07]} 32. Rc1 {[%clk 0:01:50]} Rxa5 {[%clk 0:02:26]} 33. Nxc6
{[%clk 0:01:52]} Rxa3 {[%clk 0:02:34]} 34. Nd5 {[%clk 0:01:36]} Bg7
{[%clk 0:02:42]} 35. Ncb4 {[%clk 0:00:55]} Rb3 {[%clk 0:02:29]} 36. Kg2
{[%clk 0:00:55]} Be5 {[%clk 0:01:49]} 37. Rd1 {[%clk 0:00:40]} f5
{[%clk 0:00:58]} 38. exf5 {[%clk 0:00:39]} gxf5 {[%clk 0:01:08]} 39. Bd4
{[%clk 0:00:19]} Be2 {[%clk 0:01:11]} 40. Bxe5 {[%clk 0:00:18]} Bf3+
{[%clk 0:01:01]} 41. Kh2 {[%clk 0:00:25]} Bxd1 {[%clk 0:01:06]} 42. Bxd6
{[%clk 0:00:34]} Kf7 {[%clk 0:00:55]} 43. Ne3 {[%clk 0:00:39]} Ke6
{[%clk 0:01:02]} 44. Bf8 {[%clk 0:00:34]} Be2 {[%clk 0:00:43]} 45. Nbc2
{[%clk 0:00:36]} Rb2 {[%clk 0:00:41]} 46. Nd4+ {[%clk 0:00:30]} Kf7
{[%clk 0:00:50]} 47. Bd6 {[%clk 0:00:35]} Bd3 {[%clk 0:00:37]} 48. Kg1
{[%clk 0:00:41]} b4 {[%clk 0:00:32]} 49. Nc6 {[%clk 0:00:38]} b3 {[%clk 0:00:30]}
50. Ne5+ {[%clk 0:00:35]} Ke6 {[%clk 0:00:40]} 51. Nxd3 {[%clk 0:00:42]} Rb1+
{[%clk 0:00:49]} 52. Kg2 {[%clk 0:00:51]} Kxd6 {[%clk 0:00:58]} 53. Kf3
{[%clk 0:00:49]} Rh1 {[%clk 0:00:34]} 54. h4 {[%clk 0:00:41]} Ke6
{[%clk 0:00:27]} 55. Kg3 {[%clk 0:00:32]} f4+ {[%clk 0:00:15]} 56. Kxf4
{[%clk 0:00:31]} Rxh4+ {[%clk 0:00:22]} 57. Kg3 {[%clk 0:00:31]} Rb4
{[%clk 0:00:16]} 58. Nd1 {[%clk 0:00:21]} Rc4 {[%clk 0:00:15]} 59. N1b2
{[%clk 0:00:20]} Rd4 {[%clk 0:00:21]} 60. Kf3 {[%clk 0:00:18]} Kf5
{[%clk 0:00:30]} 61. Ke3 {[%clk 0:00:15]} Rg4 {[%clk 0:00:38]} 62. Kf3
{[%clk 0:00:15]} h4 {[%clk 0:00:33]} 63. Nd1 {[%clk 0:00:24]} Rd4
{[%clk 0:00:34]} 64. Ne3+ {[%clk 0:00:31]} Kg5 {[%clk 0:00:40]} 65. Nb2
{[%clk 0:00:26]} Rd2 {[%clk 0:00:49]} 66. Nbc4 {[%clk 0:00:27]} Rc2
{[%clk 0:00:55]} 67. Na3 {[%clk 0:00:31]} Ra2 {[%clk 0:01:01]} 68. Nb1
{[%clk 0:00:28]} Ra1 {[%clk 0:00:59]} 69. Nd2 {[%clk 0:00:19]} b2
{[%clk 0:01:06]} 70. Kg2 {[%clk 0:00:13]} b1=Q {[%clk 0:00:49]} 71. Nxb1
{[%clk 0:00:22]} Rxb1 {[%clk 0:00:58]} 72. Nc4 {[%clk 0:00:25]} Rb5
{[%clk 0:00:52]} 73. Nd2 {[%clk 0:00:19]} Kg4 {[%clk 0:00:55]} 74. Nc4
{[%clk 0:00:21]} h3+ {[%clk 0:00:55]} 75. Kh2 {[%clk 0:00:30]} Kf3
{[%clk 0:00:53]} 76. Nd2+ {[%clk 0:00:39]} Kg4 {[%clk 0:00:30]} 77. Nf1
{[%clk 0:00:32]} Rh5 {[%clk 0:00:34]} 78. Nd2 {[%clk 0:00:26]} Rf5
{[%clk 0:00:33]} 79. f3+ {[%clk 0:00:16]} Kh4 {[%clk 0:00:42]} 0-1

[Event "Russian Rapid Championship (m)"]
[Site "Sochi"]
[Date "2022.10.16"]
[Round "6.16"]
[White "Vetokhin, Savva"]
[Black "Kobylkin, Evgeni"]
[Result "1-0"]
[BlackElo "2461"]
[WhiteElo "2250"]
[LiveChessVersion "1.4.8"]

1. d4 {[%clk 0:15:17]} Nf6 {[%clk 0:13:57]} 2. c4 {[%clk 0:15:24]} g6
{[%clk 0:14:06]} 3. Nc3 {[%clk 0:15:32]} Bg7 {[%clk 0:14:15]} 4. Nf3
{[%clk 0:15:39]} O-O {[%clk 0:14:23]} 5. g3 {[%clk 0:15:47]} d6 {[%clk 0:14:32]}
6. Bg2 {[%clk 0:15:55]} Nc6 {[%clk 0:14:41]} 7. d5 {[%clk 0:16:04]} Na5
{[%clk 0:14:50]} 8. b3 {[%clk 0:16:14]} c5 {[%clk 0:12:19]} 9. Bb2
{[%clk 0:16:21]} a6 {[%clk 0:12:13]} 10. O-O {[%clk 0:16:22]} Rb8
{[%clk 0:12:20]} 11. Nd2 {[%clk 0:16:08]} b5 {[%clk 0:12:22]} 12. Rb1
{[%clk 0:16:16]} bxc4 {[%clk 0:12:01]} 13. bxc4 {[%clk 0:16:21]} Bh6
{[%clk 0:11:57]} 14. Ba1 {[%clk 0:16:21]} Bf5 {[%clk 0:11:11]} 15. Rxb8
{[%clk 0:16:22]} Qxb8 {[%clk 0:11:20]} 16. f4 {[%clk 0:16:31]} Ng4
{[%clk 0:10:13]} 17. e4 {[%clk 0:16:40]} Ne3 {[%clk 0:09:45]} 18. Qa4
{[%clk 0:16:48]} Nxf1 {[%clk 0:08:26]} 19. Bxf1 {[%clk 0:16:50]} Qb4
{[%clk 0:06:42]} 20. exf5 {[%clk 0:16:58]} Qxa4 {[%clk 0:06:45]} 21. Nxa4
{[%clk 0:17:05]} gxf5 {[%clk 0:06:53]} 22. Bc3 {[%clk 0:15:59]} Nb7
{[%clk 0:07:02]} 23. Bh3 {[%clk 0:15:08]} e6 {[%clk 0:07:03]} 24. Bg2
{[%clk 0:15:16]} Rb8 {[%clk 0:06:45]} 25. Nb6 {[%clk 0:15:14]} Bg7
{[%clk 0:06:18]} 26. Nd7 {[%clk 0:14:38]} Bxc3 {[%clk 0:06:13]} 27. Nxb8
{[%clk 0:14:45]} 1-0